Traité des passions de l'ame et ses erreurs / (Record no. 66330)

MARC details
000 -LEADER
campo de control de longitud fija 00507nam a2200169 i 4500
001 - NÚMERO DE CONTROL
campo de control 66330
003 - IDENTIFICADOR DE NÚMERO DE CONTROL
campo de control ES-MaACL
005 - FECHA Y HORA DE LA ÚLTIMA TRANSACCIÓN
campo de control 20230906165612.0
007 - CAMPO FIJO DE DESCRIPCIÓN FÍSICA--INFORMACIÓN GENERAL
campo de control de longitud fija t|
008 - DATOS DE LONGITUD FIJA--INFORMACIÓN GENERAL
campo de control de longitud fija 040203s1913 fr ||||1| fre d
100 1# - ENTRADA PRINCIPAL--NOMBRE DE PERSONA
Nombre de persona Galien.
9 (RLIN) 53415
245 10 - MENCIÓN DEL TÍTULO
Título Traité des passions de l'ame et ses erreurs /
Mención de responsabilidad, etc. par Galien ; traduction francaise par Robert van der Elst.
260 ## - PUBLICACIÓN, DISTRIBUCIÓN, ETC.
Lugar de publicación, distribución, etc. Paris :
Nombre del editor, distribuidor, etc. Fermin Didot,
Fecha de publicación, distribución, etc. [1913]
300 ## - DESCRIPCIÓN FÍSICA
Extensión 145 p. ;
Dimensiones 25 cm.
700 1# - ENTRADA AGREGADA--NOMBRE PERSONAL
Nombre de persona Elst, Robert van der.
9 (RLIN) 47106
852 ## - LOCALIZACIÓN
Ubicación ES-MaACL
Número de control de estantería F-9646
Holdings
Estatus retirado Estado de pérdida Estado de daño No para préstamo Biblioteca de origen Biblioteca actual Ubicación en estantería Fecha de adquisición Fuente de adquisición Total de préstamos Signatura topográfica completa Código de barras Visto por última vez Precio de reemplazo Tipo de ítem Koha
        Biblioteca del Ateneo de Madrid Biblioteca del Ateneo de Madrid Sala Pecera Planta 2 17/01/2008     F-9646 1069491 23/02/2023 23/02/2023 Libro impreso